000 00240nam a2200097Ia 4500
001 780988
005 20250826170135.0
008 250824s9999 xx 000 0 und d
245 0 _aZEKAT İLMİHALİ
_cYAŞAR YİĞİT
260 _bDİB YAYINLARI
999 _c780988
_d780988